[Event "Senica op 02"]
[Site "Senica"]
[Date "2014.02.27"]
[Round "5"]
[White "Sobek, Michal"]
[Black "Markova, Kristyna"]
[Result "1-0"]
[WhiteElo "1230"]
[BlackElo "1464"]
[PlyCount "97"]
[EventDate "2014.02.24"]
[EventType "swiss"]
[EventRounds "7"]
[EventCountry "SVK"]
[SourceTitle "CBM 159 Extra"]
[Source "ChessBase"]
[SourceDate "2014.04.24"]
[SourceVersion "1"]
[SourceVersionDate "2014.04.24"]
[SourceQuality "1"]

1. e4 e5 2. Nf3 Nf6 3. Nxe5 d6 4. Nf3 Nxe4 5. d4 d5 6. Bd3 Nc6 7. 0-0 Be7 8. c4 Nf6 9. Nc3 Bg4 10. Be3 0-0 11. b3 Bb4 12. Rc1 Ba3 13. Rb1 Bb4 14. Bd2 Nxd4 15. Be2 Nxe2+ 16. Qxe2 Bxc3 17. Bxc3 Ne4 18. Bb2 Bxf3 19. Qxf3 Nd2 20. Qc3 Qg5 21. f4 Ne4 22. fxg5 Nxc3 23. Bxc3 dxc4 24. bxc4 b6 25. Rbd1 Rad8 26. Rfe1 Rfe8 27. Rxe8+ Rxe8 28. Re1 Rxe1+ 29. Bxe1 Kf8 30. Kf1 Ke7 31. Ke2 Kd6 32. Kd3 c5 33. Bg3+ Kc6 34. h3 a6 35. a4 b5 36. cxb5+ axb5 37. axb5+ Kxb5 38. Kc3 c4 39. Bd6 Kc6 40. Bf8 g6 41. Kxc4 Kd7 42. Kd5 Ke8 43. Bh6 Kd7 44. Ke5 Ke7 45. g4 f6+ 46. gxf6+ Kf7 47. g5 Kg8 48. Ke6 Kh8 49. Ke7 1-0

[Event "Senica op 02"]
[Site "Senica"]
[Date "2014.02.25"]
[Round "2"]
[White "Ocko, Martin"]
[Black "Markova, Kristyna"]
[Result "1-0"]
[WhiteElo "1736"]
[BlackElo "1464"]
[PlyCount "83"]
[EventDate "2014.02.24"]
[EventType "swiss"]
[EventRounds "7"]
[EventCountry "SVK"]
[SourceTitle "CBM 159 Extra"]
[Source "ChessBase"]
[SourceDate "2014.04.24"]
[SourceVersion "1"]
[SourceVersionDate "2014.04.24"]
[SourceQuality "1"]

1. e4 e5 2. Nf3 Nf6 3. Nxe5 d6 4. Nf3 Nxe4 5. d4 d5 6. Bd3 Bf5 7. 0-0 Be7 8. Re1 0-0 9. Nbd2 Nd6 10. Nf1 Nc6 11. c3 Qd7 12. Ng3 Bg6 13. Qc2 Rfe8 14. Bf4 Nc4 15. Bxg6 fxg6 16. b3 Nb6 17. Re2 Bd6 18. Bxd6 Qxd6 19. Rae1 Re7 20. Rxe7 Nxe7 21. Qe2 Re8 22. Kf1 Nd7 23. Qe6+ Kf8 24. Ng5 Qxe6 25. Nxe6+ Kf7 26. Nxc7 Rf8 27. Nb5 Nc8 28. c4 a6 29. Nc7 dxc4 30. bxc4 Ndb6 31. Ne6 Rh8 32. Ng5+ Kf8 33. Ne6+ Kf7 34. Ng5+ Kf8 35. c5 Nd5 36. Re5 Nc3 37. d5 h6 38. N5e4 Nxa2 39. d6 Kf7 40. d7 Ne7 41. Nd6+ Kf6 42. Ne8+ 1-0